000 01525nam a2200277Ia 4500
003 Ost
005 20260416102351.0
008 260416s9999||||xx |||||||||||||| ||und||
040 _cfsecg
041 _aara
082 _a330
100 _aبن عاشور، رتيبة
_eمؤلف
245 0 _aمحاضرات في مدخل الإقتصاد /
_c رتيبة بن عاشور
260 _aالجزائر
_bجامعة الجزائر3: كلية العلوم الإقتصادية، العلوم التجارية وعلوم التسيير
_c2016
300 _a92 ورقة
_bايضاحات
_c30 سم
504 _aمراجع ص.92
520 _aماهية علم الاقتصاد ونطاقه، المشكلة الاقتصادية، الانتاج، أساسيات العرض الطلب وتوازن السوق، الدخل الوطني وطرق قياسه، مكونات الدخل القومي، تحديد المستوى التوازني للدخل القومي، الأزمات الاقتصادية، التضخم، البطالة، النقود والبنوك، ميزان المدفوعات.
653 _aالازمات الاقتصادية
653 _aالاقتصاد
653 _aالانتاج
653 _aالدخل القومي
653 _aالعرض و الطلب
653 _aالمشاكل الاقتصادية
710 _aجامعة الجزائر3: كلية العلوم الإقتصادية، العلوم التجارية وعلوم التسيير
_eناشر علمي
942 _cHANDOUT
999 _c41014
_d41014